000 01446nam a2200457 i 4500
001 28187
003 KOSZ 005
005 20240405063043.0
008 981118s1985 pl a |000 0 pol
015 _aPB 1985/5335
020 _a830105719X
035 _a991008247529705066
035 _a(PL-WaBN)b12125246-48omnis_nlop
035 _ab12125246
035 _a(OCoLC)830181682
035 _a(PL)b0000001212524
035 _a(EXLNZ-48OMNIS_NETWORK)9910114424705606
040 _aWA N
_cWA N
_dKOSZ 005/HR
041 0 _apol
046 _k1985
080 _a1"18/19"
100 1 _aSarnowski, Stefan
_d(1939- )
_eAutor
245 1 0 _aŚwiadomość i czas :
_bo początkach fiilozofii współczesnej /
_cStefan Sarnowski.
260 _aWarszawa :
_bPaństwowe Wydawnictwo Naukowe,
_c1985.
300 _a260, [3] s. :
_berr. ;
_c20 cm.
336 _2rdacontent
_aTekst
_btxt
337 _2rdamedia
_aBez urządzenia pośredniczącego
_bn
338 _2rdacarrier
_aWolumin
_bnc
380 _aKsiążki
388 _a1901-2000
388 _a1945-1989
648 7 _a1801-1900
_2DBN
648 7 _a1901-2000
_2DBN
650 7 _aFilozofia współczesna
650 7 _aCzas
650 7 _aŚwiadomość
658 _aFilozofia i etyka
856 _uhttp://koha.tu.koszalin.pl/cgi-bin/koha/opac-detail.pl?biblionumber=28187
_yKatalog online BPK
942 _2UKD
_cKS
999 _c28187
_d28187